Statistics for 1960年の都内の乗降客数WORST50

Click here to take the quiz!

General Stats

  • This quiz has been taken 31 times
  • The average score is 16 of 50

Answer Stats

順位鉄道会社駅名乗降客数% Correct
39国鉄御嶽2745
69%
43小田急南新宿3120
65%
3国鉄白丸608
54%
29国鉄鳩ノ巣1859
54%
16国鉄日向和田1542
54%
32国鉄東秋留2079
50%
22西武是政1659
46%
17国鉄河辺1547
46%
7国鉄軍畑964
46%
2国鉄石神前514
42%
24国鉄武蔵引田1716
42%
10国鉄小宮1110
42%
21国鉄沢井1658
38%
23西武多摩湖1695
38%
30京王北野1892
38%
49国鉄箱根ケ崎3558
38%
15国鉄東福生1491
38%
25国鉄武蔵増戸1752
38%
20西武恋ケ窪1597
38%
5京王長沼753
38%
31国鉄二俣尾2010
35%
28京王府中競馬正門前1830
35%
9西武競艇場前1100
35%
26京王百草園1754
35%
40西武西武園2796
35%
36国鉄小作2400
31%
27京王平山城址公園1759
31%
13国鉄川井1342
31%
11国鉄宮ノ平1265
31%
37京王飛田給2675
27%
38国鉄古里2694
27%
48国鉄相原3524
27%
50京王中河原3632
27%
34西武鷹の台2307
27%
12京王武蔵野台1300
27%
6京成博物館動物園755
27%
18西武青梅街道1560
27%
8京王南平1022
23%
41西武武蔵大和3016
23%
1西武玉川上水434
23%
47西武八坂3365
19%
46国鉄南多摩3292
19%
42東武堀切3021
19%
14国鉄西秋留1392
15%
35国鉄矢川2378
15%
45国鉄稲城長沼3248
12%
44西武秋津3129
8%
19西武青梅橋1579
4%
33西武北多磨2168
4%
4国鉄大久野645
4%

Score Distribution

Percentile by Number Answered

Percent of People with Each Score

Your Score History

You have not taken this quiz